书目信息 |
| 书名: | BETWEEN TWO WORLDS | |
| 作者: | ZAINAB SALBI | |
| 分册号: | ||
| 分册名: | 出版地: | AMERICA |
|
| 出版社: | GOTHAM BOOKS | |
| 出版时间: | 2005 | |
| 页数: | 259P | |
| 开本: | 24CM | |
| 丛书名: | ||
| 中图分类号: | ||
| 科图分类号: | ||
| 其他分类号: | I712.45 | |
| 主题词: | ||
| 电子资源: | ||
| 000 | 00386nam0 2200145 450 | |
| 001 | 202012002311 | |
| 005 | 20121126143304.0 | |
| 008 | 12112601s | |
| 020 | @a9781592401567@bHARD@c$26.00 | |
| 099 | @dI712.45@eZ212 | |
| 245 | 10 | @aBETWEEN TWO WORLDS@cZAINAB SALBI |
| 260 | 0 | @aAMERICA@bGOTHAM BOOKS@c2005 |
| 300 | @a259P@c24CM | |
| 905 | @b12572 | |
| 905 | @aTSG@dI712.45@eZ212 | |
| BETWEEN TWO WORLDS / ZAINAB SALBI.-AMERICA : GOTHAM BOOKS , 2005 |
| 259P ; 24CM |
| ISBN 9781592401567HARD$26.00 |
| ● |
| 相关链接 |
|
|
|
正题名:BETWEEN TWO WORLDS
索取号:I712.45/Z212
 
预约/预借
| 序号 | 登录号 | 条形码 | 馆藏地/架位号 | 状态 | 备注 |
| 1 | 12572 | 300125727 | 文学库116/ [索取号:I712.45/Z212] | 在馆 |